<?xml version="1.0" encoding="UTF-8"?>
<resp>
  <nextPage>https://data.bn.org.pl/api/networks/bibs.marcxml?marc=001+b0000040194132&amp;sinceId=40194133</nextPage>
  <collection>
    <record xmlns='http://www.loc.gov/MARC21/slim'><leader>04060cam a2200805 i 4500</leader><controlfield tag='001'>b0000040194132</controlfield><controlfield tag='005'>20260217080416.9</controlfield><controlfield tag='008'>100423p16981699pl ac        |000 0 pol c</controlfield><controlfield tag='009'>9912235786605606</controlfield><datafield ind1=' ' ind2=' ' tag='026'><subfield code='a'>p.s. e.y.</subfield><subfield code='b'>o,an Krze (3)</subfield><subfield code='c'>1698 (A)</subfield><subfield code='5'>LUBL KUL</subfield></datafield><datafield ind1=' ' ind2=' ' tag='035'><subfield code='a'>vtls000482059-48omnis_network</subfield></datafield><datafield ind1=' ' ind2=' ' tag='035'><subfield code='a'>(KUL)vtls000482059</subfield></datafield><datafield ind1=' ' ind2=' ' tag='035'><subfield code='a'>xx001589470</subfield></datafield><datafield ind1=' ' ind2=' ' tag='035'><subfield code='a'>(PL)b0000040194132</subfield></datafield><datafield ind1=' ' ind2=' ' tag='040'><subfield code='a'>LUBL KUL</subfield><subfield code='c'>LUBL KUL</subfield><subfield code='d'>LUBL KUL</subfield><subfield code='d'>WR O</subfield></datafield><datafield ind1=' ' ind2=' ' tag='041'><subfield code='a'>pol</subfield><subfield code='h'>lat</subfield></datafield><datafield ind1=' ' ind2=' ' tag='046'><subfield code='a'>1698</subfield></datafield><datafield ind1='0' ind2=' ' tag='100'><subfield code='a'>Brygida</subfield><subfield code='c'>(święta ;</subfield><subfield code='d'>1303-1373)</subfield></datafield><datafield ind1='1' ind2='0' tag='245'><subfield code='a'>Skarby Niebieskich Taięmnic :</subfield><subfield code='b'>To Iest Księgi Obiawienia Niebieskiego Swięteÿ Matki Brÿgitty Z rodzaiv Krolewskiego Xięzneÿ Nerÿcki ze Szwecÿey Fvndatorki Regvłÿ S: Salvatora /</subfield><subfield code='c'>Z Łacińskich na Polskie Przełozone przez akonnika Braci Mnieÿszych Oycow Bernardÿnow, za Pozwoleniem Starszych.</subfield></datafield><datafield ind1='3' ind2=' ' tag='246'><subfield code='a'>Skarby niebieskich tajemnic to jest księgi objawienia niebieskiego świętej matki Brygidy</subfield></datafield><datafield ind1=' ' ind2=' ' tag='250'><subfield code='a'>[Wariant B].</subfield></datafield><datafield ind1=' ' ind2=' ' tag='260'><subfield code='a'>[Zamość] :</subfield><subfield code='b'>[Drukarnia Akademii Zamojskiej],</subfield><subfield code='c'>1698 [tj. po 5 VI 1699].</subfield></datafield><datafield ind1=' ' ind2=' ' tag='300'><subfield code='a'>[19] kart, 779, [1 czysta] strona :</subfield><subfield code='b'>sztychowana strona tytułowa, ilustracje miedziorytowe ;</subfield><subfield code='c'>2°.</subfield></datafield><datafield ind1=' ' ind2=' ' tag='336'><subfield code='a'>Tekst</subfield><subfield code='b'>txt</subfield><subfield code='2'>rdacontent</subfield></datafield><datafield ind1=' ' ind2=' ' tag='337'><subfield code='a'>Bez urządzenia pośredniczącego</subfield><subfield code='b'>n</subfield><subfield code='2'>rdamedia</subfield></datafield><datafield ind1=' ' ind2=' ' tag='338'><subfield code='a'>Wolumin</subfield><subfield code='b'>nc</subfield><subfield code='2'>rdacarrier</subfield></datafield><datafield ind1=' ' ind2=' ' tag='380'><subfield code='a'>Starodruki</subfield></datafield><datafield ind1=' ' ind2=' ' tag='380'><subfield code='a'>Książki</subfield></datafield><datafield ind1=' ' ind2=' ' tag='388'><subfield code='a'>1601-1700</subfield></datafield><datafield ind1=' ' ind2=' ' tag='500'><subfield code='a'>Wariant B: strona tytułowa nie zawiera adresu wydawniczego. Wariant wydawniczy ustalony na podstawie bibliografii.</subfield></datafield><datafield ind1=' ' ind2=' ' tag='500'><subfield code='a'>Dedykacja &quot;NAIASNIEYSZEY NIEBA y ZIEMIE KROLOWEY, NAYSWIĘTSZEY BOGARODZICY PANNIE MARYEY, Cudámi w Sokálskim Obráźie słynącey, [...]&quot; z podpisem &quot;ZOFIA SOBESTYANSKA, Xięni Konwentu Sokálskiego, Reguły Swiętego SALVATORA. Zakonu Swiętey MATKI BRYGITTY. ręką własną.&quot;.</subfield></datafield><datafield ind1=' ' ind2=' ' tag='500'><subfield code='a'>Zawiera miedziorytowy wizerunek obrazu NMP Pocieszenia z Sokala (sygnowany &quot;Sculpsit Leopoli. 1698 Cas. Andr. Niedbłowicz&quot;) oraz miedziorytowy wizerunek św. Brygidy, sygnowany &quot;Sculpsit Lepoli Casimir. Andr. Niedbłowicz&quot;.</subfield></datafield><datafield ind1=' ' ind2=' ' tag='500'><subfield code='a'>Strona tytułowa sztychowana, sygnowana &quot;Sculpsit Leopoli Cas. Andr. Niedbłowicz&quot;.</subfield></datafield><datafield ind1=' ' ind2=' ' tag='500'><subfield code='a'>Strony przed pierwszym liczbowaniem oprawiano w różny sposób. Alternatywny fingerprint: LIp. o-i- o,an Krze (3) 1698 (A).</subfield></datafield><datafield ind1=' ' ind2=' ' tag='500'><subfield code='a'>Miejsce druku i drukarnia na podstawie bibliografii.</subfield></datafield><datafield ind1=' ' ind2=' ' tag='500'><subfield code='a'>Po stronach: 93, 159, 445, 626, 706 strony puste, nienumerowane.</subfield></datafield><datafield ind1=' ' ind2=' ' tag='500'><subfield code='a'>Datacja &quot;FACVLTAS&quot; - &quot;Dań w Sokalu ad Sanctam MARIAM Consolátionis. Die 5. Junij Anno 1699.&quot; (tj. po 5 VI 1699 r.).</subfield></datafield><datafield ind1='4' ind2=' ' tag='510'><subfield code='a'>Estr. XV-XVIII,</subfield><subfield code='c'>13, 383</subfield></datafield><datafield ind1='4' ind2=' ' tag='510'><subfield code='a'>Ossol. XVII,</subfield><subfield code='c'>844 (t. 1, s. 203)</subfield></datafield><datafield ind1=' ' ind2=' ' tag='530'><subfield code='a'>Dostępne w wersji elektronicznej.</subfield></datafield><datafield ind1='0' ind2='7' tag='630'><subfield code='a'>Matka Boska Sokalska (obraz)</subfield><subfield code='2'>DBN</subfield></datafield><datafield ind1=' ' ind2='7' tag='650'><subfield code='a'>Święci i błogosławieni</subfield><subfield code='2'>DBN</subfield></datafield><datafield ind1=' ' ind2='7' tag='650'><subfield code='a'>Kult świętych</subfield><subfield code='2'>DBN</subfield></datafield><datafield ind1=' ' ind2='7' tag='650'><subfield code='a'>Objawienie</subfield><subfield code='2'>DBN</subfield></datafield><datafield ind1=' ' ind2='7' tag='650'><subfield code='a'>Proroctwo (religia)</subfield><subfield code='2'>DBN</subfield></datafield><datafield ind1=' ' ind2=' ' tag='658'><subfield code='a'>Religia i duchowość</subfield></datafield><datafield ind1='1' ind2=' ' tag='700'><subfield code='a'>Niedbałowicz, Kazimierz Andrzej</subfield><subfield code='e'>Ilustracje</subfield></datafield><datafield ind1='1' ind2=' ' tag='700'><subfield code='a'>Sobestyańska, Zofia</subfield><subfield code='e'>Autor dedykacji</subfield></datafield><datafield ind1='1' ind2=' ' tag='700'><subfield code='a'>Krupski, Bernard</subfield><subfield code='d'>(ok.1665-?)</subfield><subfield code='e'>Tłumaczenie</subfield></datafield><datafield ind1='2' ind2=' ' tag='710'><subfield code='a'>Drukarnia Akademii Zamojskiej</subfield><subfield code='e'>Druk</subfield><subfield code='4'>prt</subfield></datafield><datafield ind1=' ' ind2=' ' tag='752'><subfield code='a'>Polska</subfield><subfield code='d'>Zamość.</subfield></datafield><datafield ind1=' ' ind2=' ' tag='852'><subfield code='8'>2283644990007663</subfield><subfield code='j'>1</subfield><subfield code='h'>sdXVII-17416</subfield><subfield code='b'>ZNO-SZEW</subfield><subfield code='p'>B00110749</subfield><subfield code='c'>240000</subfield></datafield><datafield ind1=' ' ind2=' ' tag='852'><subfield code='b'>48OMNIS_ZNO</subfield><subfield code='8'>991003878432007663</subfield></datafield><datafield ind1=' ' ind2=' ' tag='852'><subfield code='b'>48OMNIS_KUL</subfield><subfield code='8'>991008167969706831</subfield></datafield><datafield ind1=' ' ind2=' ' tag='852'><subfield code='b'>48OMNIS_NETWORK</subfield><subfield code='8'>9912235786605606</subfield></datafield><datafield ind1=' ' ind2=' ' tag='852'><subfield code='8'>22173432460006831</subfield><subfield code='j'>1</subfield><subfield code='h'>XVII.1238</subfield><subfield code='b'>BuKul</subfield><subfield code='p'>1000630031</subfield><subfield code='c'>BG_SekStDr</subfield></datafield><datafield ind1='4' ind2='1' tag='856'><subfield code='u'>https://sbc.org.pl/publication/17282</subfield></datafield></record>
  </collection>
</resp>
